[Event "Catalunya-chB"]
[Site "Spain"]
[Date "1996.11.17"]
[Round "7"]
[White "Sadurni Villalonga, Josep"]
[Black "Trias Fernandez, Ramon"]
[Result "1/2-1/2"]
[WhiteElo "2035"]
[BlackElo "2030"]
[PlyCount "92"]
[EventDate "1997.??.??"]
[EventType "swiss"]
[EventRounds "8"]
[EventCountry "ESP"]
[SourceTitle "EXT 2003"]
[Source "ChessBase"]
[SourceDate "2002.11.25"]
[SourceVersion "1"]
[SourceVersionDate "2002.11.25"]
[SourceQuality "1"]

1. d4 Nf6 2. c4 e6 3. g3 Be7 4. Nf3 b6 5. Bg2 Bb7 6. 0-0 0-0 7. Nc3 d6 8. b3 Nbd7 9. Bb2 Ne4 10. Qc2 Nxc3 11. Bxc3 Nf6 12. Ng5 Bxg2 13. Kxg2 h6 14. Nf3 Qc8 15. e4 Qb7 16. Rfe1 c5 17. d5 e5 18. Bd2 Nh7 19. h4 Qd7 20. Rf1 f5 21. exf5 Qxf5 22. Qxf5 Rxf5 23. Nh2 Raf8 24. f4 exf4 25. Bxf4 g5 26. hxg5 hxg5 27. Rae1 R8f7 28. Bd2 Rxf1 29. Nxf1 Bf6 30. Re8+ Kg7 31. Nh2 Re7 32. Rxe7+ Bxe7 33. g4 Nf8 34. Kf3 Kg6 35. Nf1 Nd7 36. Ne3 Bf6 37. Nf5 Be5 38. Ne7+ Kf6 39. Nc8 a6 40. Ke4 Kg6 41. a4 a5 42. Ne7+ Kf6 43. Nc6 Kg6 44. Nd8 Bf6 45. Nc6 Ne5 46. Nxe5+ Bxe5 1/2-1/2

[Event "Catalunya-chB"]
[Site "Spain"]
[Date "1996.11.03"]
[Round "5"]
[White "Serra Vilaro, Agustin"]
[Black "Sadurni Villalonga, Josep"]
[Result "0-1"]
[WhiteElo "1985"]
[BlackElo "2035"]
[PlyCount "64"]
[EventDate "1997.??.??"]
[EventType "swiss"]
[EventRounds "8"]
[EventCountry "ESP"]
[SourceTitle "EXT 2003"]
[Source "ChessBase"]
[SourceDate "2002.11.25"]
[SourceVersion "1"]
[SourceVersionDate "2002.11.25"]
[SourceQuality "1"]

1. e4 Nf6 2. d3 e5 3. Nc3 Nc6 4. Be2 Bb4 5. Bd2 0-0 6. Nf3 d5 7. 0-0 d4 8. Nb1 Bxd2 9. Nbxd2 Bg4 10. h3 Bh5 11. b3 Bxf3 12. Bxf3 b5 13. a4 a6 14. Qc1 Nb4 15. axb5 axb5 16. Qb2 Qd6 17. Rfc1 Qc6 18. Bd1 Nd7 19. f4 f6 20. fxe5 fxe5 21. Nf3 Qh6 22. Rxa8 Rxa8 23. Ra1 Qc6 24. Rxa8+ Qxa8 25. Nxd4 Qa7 26. c3 Nc6 27. Bg4 Nf6 28. Be6+ Kf8 29. Qf2 exd4 30. c4 bxc4 31. dxc4 Ne5 32. Bd5 c6 0-1